000 00927nam a22003017a 4500
001 BR6005816
003 BR-BrBNA
005 20230928083229.0
007 ta
008 230509b bl.||||| |||| 00| 0 por d
040 _aBR-BrBNA
_bpor
_cBiblioteca Nacional de Agricultura
041 _a(Por)
072 _aE10
_b/G514
090 _ E10 BR6005816
100 1 _aBruzzi, P.T.
110 1 _aUniversidade Federal de Vicosa, MG (Brasil)
_0Tese (Magister Scientiae)
245 1 _aAnalise do efeito de inovacoes tecnologicas no uso da terra e na rentabilidade da exploracao agricola. Municipio de Unai, Minas Gerais [Brasil]
260 3 _aVicosa, MG (Brasil):
_c1973.
300 _a149 p.
500 _a16 ref.; Summary (Por)
650 _aTecnologia agricola
650 _aUso da terra
650 _aMao-de-obra
650 _aUnai
650 _aMinas Gerais
909 _a202309
_bLucia
_c55
_dLucia Elande
942 _cBK
999 _c12283
_d12283